LEADER 01239nam a2200277 i 4500 001 000000139830 003 CaOOAMICUS 005 20050531000000.0 008 050531s1966 it u000 u ita u 013 $a113963 040 $aSeMil$bita 100 1 $aCoarelli, Filippo.$0(OLS)http://semarc/name/18152 245 12$aL'oreficeria nell'arte classica /$ctesto di Filippo Coarelli. 260 $aMilano :$bFratelli Fabbri Editori,$ccopyr. 1966. 300 $a158 p. :$briccamente ill. ;$c19 cm. 490 0 $aElite : le arti e gli stili in ogni tempo e paese ;$v25 500 $aContiene : Bibliografia. 650 4$aOreficerie greche.$0(OLS)http://semarc/subject/27490 650 4$aOreficerie etrusche.$0(OLS)http://semarc/subject/27491 650 4$aOreficerie romane.$0(OLS)http://semarc/subject/27492 830 0$aElite : le arti e gli stili in ogni tempo e paese ;$v25.$0(OLS)http://semarc/title/18137 850 $aSeMil 852 $aSeMil$W1$xVenegono$y1$m5O I 24$j93220$B93220$CSeMilBibl$Z2$F98581 $81 961 $aOmaggio: Pelizzi Carla ved. Ferrari 996 $6245$aL'oreficeria nell'arte classica$9(OLS)http://semarc/title/204259 996 $6260$aMilano :$bFratelli Fabbri Editori$9(OLS)http://semarc/publisher/29845 LEADER 00941nam a2200205 i 4500 001 000000080630 003 CaOOAMICUS 005 20170405000000.0 008 170405s1860 it u000 u ita u 013 $a52868 040 $aSeMil$bita 240 10$aBorboni di Francia.$0(OLS)http://semarc/title/404045 245 10$aVol. 1. 300 $a1055 p., [14] c. di tav. :$bill. 773 0 $aLa Cecilia, Giovanni <1801-1880>$tStorie segrete delle famiglie reali o Misteri della vita intima dei Borboni di Francia, di Spagna, di Parma, di Napoli, e della famiglia Absburgo-Lorena d'Austria e di Toscana.$dGenova : A spese degli Editori, 1860.$g1$w()4829 850 $aSeMil 852 $aSeMil$W1$xVenegono$y1$m3S V 5 FA$j46061$B46061$CSeMilBibl$Z2$F48227 $8I 852 $aSeMil$W1$xVenegono$y1$m3S V 6 FA$j203940$B203940$CSeMilBibl$Z2$F217375 $8I 961 $aContinuazione del vol. 1 996 $6245$aVol. 1$9(OLS)http://semarc/title/13429